000 00782nam a2200289Ia 4500
005 20260324144521.0
008 008 260324s9999 xx 000 0 eng d
020 _a9781315108957
037 _aEBOOK
040 _aCRL
040 _beng
040 _cCRL
041 _2eng
041 _aeng
084 _qCRL
100 _aMichael Mann; David Dalby
_91219621
245 2 _aA Thesaurus of African Languages
245 2 _bA Classified and Annotated Inventory of the Spoken Languages of Africa With an Appendix on Their Written Representation
260 _bTaylor and Francis
260 _c1987
365 _a
365 _b205
856 _uhttp://www.taylorfrancis.com/books/9781315108957
942 _cEBOOK
999 _c1826326
_d1826326